000 00389nam a2200169Ia 4500
008 160105s9999 xx 000 0 und d
020 _a2-87880-351-5
041 _afre
245 _aJournal de l'année
260 _aParis
260 _bLarousse
260 _c1980
654 _xCONFLIT SOCIAL/SCIENCE/ARMEMENT/VIE QUOTIDIENNE
942 _c09
994 _a106649
999 _c6587
_d34585